Borders of Russia. - Statistics

General Stats
  • This quiz has been taken 36 times
  • The average score is 13 of 14
Answer Stats
Distance(km) Pays % Correct
4250km China
100%
6846km Kazakhstan
97%
3485km Mongolia
94%
1576km Ukraine
94%
723km Georgia
91%
959km Belarus
88%
1340km Finland
88%
232km Latvia
88%
280km Lithuania
88%
217km Poland
88%
284km Azerbaijan
85%
294km Estonia
85%
19km North Korea
85%
196km Norway
79%
No matching quizzes found
Score Distribution
Percent of People with Each Score
Percentile by Number Answered
Your Score History
You have not taken this quiz